Dekorativno-prikladnoe iskusstvo Mongolii /
| Main Author: | |
|---|---|
| Format: | Book |
| Language: | Russian English French Spanish |
| Published: |
Ulan-Bator :
Gosizd-vo,
1987.
|
| Subjects: |
MARC
| Tag | First Indicator | Second Indicator | Subfields |
|---|---|---|---|
| LEADER | 00000cam a2200000Ia 4500 | ||
| 001 | in00002014652 | ||
| 005 | 20151031152322.0 | ||
| 008 | 910815s1987 mp af 000 0 rusod | ||
| 035 | |a (OCoLC)ocm25724212 | ||
| 040 | |a PAU |c PAU |d CUY |d UtOrBLW | ||
| 041 | 0 | |a rus |a eng |a fre |a spa | |
| 043 | |a a-mp--- | ||
| 049 | |a TXAM | ||
| 090 | |a NK608.M65 |b T78 1987 | ||
| 100 | 0 | |a T︠S︡u̇ltėm, Ni︠a︡m-Osoryn, |d 1924-2001. | |
| 245 | 1 | 0 | |a Dekorativno-prikladnoe iskusstvo Mongolii / |c avtor N. T︠S︡ultėm ; redaktor D. Bai︠a︡rsaĭkhan = Mongolian arts and crafts / author N. Tsultem ; editor D. Bayarsaikhan = Arts artisanaux de la Mongolie = Arte decorativo aplicado de Mongolia. |
| 246 | 3 | 1 | |a Mongolian arts and crafts |
| 246 | 3 | 1 | |a Arts artisanaux de la Mongolie |
| 246 | 3 | 1 | |a Arte decorativo aplicado de Mongolia |
| 246 | 1 | |i Mongolian title on cover and spine: |a Mongġol-un ġoyul cimeglel-u̇n uraliġ | |
| 264 | 1 | |a Ulan-Bator : |b Gosizd-vo, |c 1987. | |
| 300 | |a 18 unnumbered pages, 136 pages of plates : |b illustrations (some color) ; |c 31 cm. | ||
| 336 | |a text |b txt |2 rdacontent | ||
| 337 | |a unmediated |b n |2 rdamedia | ||
| 338 | |a volume |b nc |2 rdacarrier | ||
| 500 | |a Russian, English, French, and Spanish. | ||
| 650 | 0 | |a Decorative arts |z Mongolia. | |
| 994 | |a C0 |b TXA | ||
| 999 | |a MARS | ||
| 999 | f | f | |s 65eb0845-d277-362e-ac45-50ea77cdc065 |i 4487d6f1-e936-3b5e-ae79-a664bd497664 |t 0 |
| 952 | f | f | |p normal |a Texas A&M University |b College Station |c Sterling C. Evans Library |d Evans: Library Stacks |t 0 |e NK608.M65 T78 1987 |h Library of Congress classification |i unmediated -- volume |m A14832285023 |
| 998 | f | f | |a NK608.M65 T78 1987 |t 0 |l Evans: Library Stacks |